000 00294nam a22001337a 4500
008 181012b xxu||||| |||| 00| 0 eng d
020 _a0801602629
041 _aeng
080 _23rd
_a617
100 _a8
101 _aOFT
245 _aDiseases of the Cornea
_cArffa,R.C
942 _2udc
_cBK
999 _c49489
_d49489